[Event "Verbandsliga Suedbaden 2223"]
[Site "Germany"]
[Date "2023.04.02"]
[Round "8.6"]
[White "Fiedler, Joerg"]
[Black "Jaehn, Michael"]
[Result "1-0"]
[WhiteElo "2073"]
[BlackElo "2059"]
[PlyCount "101"]
[EventDate "2022.09.25"]
[EventType "team-tourn"]
[EventRounds "9"]
[EventCountry "GER"]
[SourceTitle "EXT 2024"]
[Source "ChessBase"]
[SourceDate "2023.10.10"]
[SourceVersion "1"]
[SourceVersionDate "2023.10.10"]
[SourceQuality "1"]
[WhiteTeam "Dreilaendereck"]
[BlackTeam "Gottmadingen"]
[WhiteTeamCountry "GER"]
[BlackTeamCountry "GER"]

1. e4 d6 2. d4 Nf6 3. Nc3 g6 4. Be3 c6 5. Qd2 b5 6. Bd3 Ng4 7. Bg5 h6 8. Bh4 Bg7 9. f3 Nf6 10. 0-0-0 Nbd7 11. Nh3 b4 12. Ne2 a5 13. g4 Qb6 14. Bf2 Qb8 15. Rhe1 Ba6 16. Bg3 Bxd3 17. Qxd3 Qb5 18. Qxb5 cxb5 19. e5 Nd5 20. exd6 e6 21. Nef4 N7b6 22. Nxd5 Nxd5 23. Nf4 Nxf4 24. Bxf4 Kd7 25. d5 e5 26. Bxe5 Bxe5 27. Rxe5 Kxd6 28. Rde1 Ra7 29. h4 h5 30. gxh5 Rxh5 31. Rxh5 gxh5 32. Re8 Re7 33. Rxe7 Kxe7 34. Kd2 Kd6 35. Ke3 Ke5 36. d6 Kxd6 37. Kf4 Ke6 38. Kg5 a4 39. Kxh5 Kf5 40. Kh6 a3 41. b3 Kf4 42. h5 Ke3 43. Kg5 Kd2 44. h6 Kxc2 45. h7 Kb2 46. h8Q+ Kxa2 47. Qe5 Kxb3 48. Qxb5 a2 49. Qa5 f6+ 50. Kxf6 Kc2 51. Qxa2+ 1-0

[Event "Oberliga Baden 1920"]
[Site "Baden"]
[Date "2021.07.18"]
[Round "8.5"]
[White "Fiedler, Joerg"]
[Black "Weidemann, Joerg"]
[Result "0-1"]
[WhiteElo "2093"]
[BlackElo "2277"]
[PlyCount "86"]
[EventDate "2019.09.29"]
[EventType "team-tourn"]
[EventRounds "9"]
[EventCountry "GER"]
[SourceTitle "CBM 195 Extra"]
[Source "ChessBase"]
[SourceDate "2020.05.31"]
[SourceVersion "1"]
[SourceVersionDate "2020.05.31"]
[SourceQuality "1"]
[WhiteTeam "Dreilaendereck"]
[BlackTeam "Emmendingen II"]
[WhiteTeamCountry "GER"]
[BlackTeamCountry "GER"]

1. e4 c5 2. Nc3 a6 3. Nf3 e6 4. d3 b5 5. g3 Bb7 6. Bg2 Nf6 7. e5 b4 8. exf6 bxc3 9. fxg7 Bxg7 10. b3 Nc6 11. 0-0 h6 12. Re1 Qb6 13. Bf4 0-0-0 14. Ne5 Nxe5 15. Bxb7+ Qxb7 16. Bxe5 Bxe5 17. Rxe5 d6 18. Re4 d5 19. Re5 Qc7 20. d4 h5 21. h4 Rdg8 22. Qd3 cxd4 23. Qxa6+ Kd8 24. Rae1 Rg6 25. Qa8+ Qc8 26. Qa5+ Qc7 27. Qa8+ Qc8 28. Qxc8+ Kxc8 29. Rd1 Rg4 30. Kg2 Kd7 31. f3 Kd6 32. Rxe6+ fxe6 33. fxg4 e5 34. gxh5 Rxh5 35. b4 Rh8 36. a4 Ra8 37. a5 Kc6 38. Kf3 Kb5 39. Rb1 e4+ 40. Ke2 Kc4 41. b5 d3+ 42. Ke1 dxc2 43. Rc1 Rxa5 0-1

[Event "GER-ch Net blitz qual1"]
[Site "Playchess.com INT"]
[Date "2020.03.07"]
[Round "8"]
[White "Di Capua, Francesco Stefano"]
[Black "Fiedler, Joerg"]
[Result "1/2-1/2"]
[WhiteElo "1956"]
[BlackElo "2072"]
[PlyCount "165"]
[EventDate "2020.03.07"]
[EventType "swiss (blitz)"]
[EventRounds "9"]
[EventCountry "GER"]
[SourceTitle "CBM 195 Extra"]
[Source "ChessBase"]
[SourceDate "2020.05.31"]
[SourceVersion "1"]
[SourceVersionDate "2020.05.31"]
[SourceQuality "1"]

1. e4 c5 2. Nf3 Nc6 3. d4 cxd4 4. Nxd4 e5 5. Nb5 a6 6. Nd6+ Bxd6 7. Qxd6 Qf6 8. Qxf6 Nxf6 9. Bd3 Nb4 10. 0-0 Nxd3 11. cxd3 h6 12. f4 d6 13. fxe5 dxe5 14. Nc3 0-0 15. Rxf6 gxf6 16. Bxh6 Rd8 17. Nd5 Rd6 18. Kf2 f5 19. Bg5 Kh7 20. Bf6 Be6 21. Bxe5 Rc6 22. Nb4 Rc5 23. Bc3 Rd8 24. d4 Rc4 25. d5 Bc8 26. exf5 Bxf5 27. Rd1 Bg4 28. Rd2 Re8 29. h3 Bd7 30. Nd3 Rce4 31. Nc5 R4e7 32. Nxd7 Rxd7 33. g4 Kg6 34. Bb4 b6 35. Kf3 a5 36. Bc3 Red8 37. Ke4 Kg5 38. Rd3 Re8+ 39. Kf3 Kh4 40. Kg2 Re2+ 41. Kf3 Rh2 42. Bf6+ Kxh3 43. Kf4+ Kg2 44. Rd2+ Kg1 45. Bd4+ Kh1 46. Rd1+ Kg2 47. Rd2+ Kh3 48. Rxh2+ Kxh2 49. Ke5 Kg3 50. Bxb6 a4 51. d6 Kxg4 52. Kd5 Kf5 53. Kc6 Ke6 54. Bc5 f5 55. Kb5 f4 56. Kxa4 f3 57. Kb5 Kd5 58. b4 Rb7+ 59. Ka6 Rf7 60. Kb6 Ke6 61. a4 f2 62. d7 f1Q 63. d8Q Qf3 64. Qe8+ Kf6 65. Bd4+ Kg6 66. Qg8+ Kh5 67. Qh8+ Kg4 68. Qg8+ Kh3 69. Qh8+ Kg2 70. Qg8+ Kf1 71. Qg1+ Ke2 72. Kb5 Qb7+ 73. Bb6 Rf5+ 74. Kc4 Rf4+ 75. Bd4 Qc6+ 76. Kb3 Rf3+ 77. Kb2 Qc4 78. Qg2+ Kd1 79. Qxf3+ Ke1 80. Qf2+ Kd1 81. Qf3+ Ke1 82. Qe3+ Kd1 83. Qf3+ 1/2-1/2

[Event "GER-ch Net blitz qual1"]
[Site "Playchess.com INT"]
[Date "2020.03.07"]
[Round "6"]
[White "Hausmann, Ulrich"]
[Black "Fiedler, Joerg"]
[Result "0-1"]
[WhiteElo "1820"]
[BlackElo "2072"]
[PlyCount "104"]
[EventDate "2020.03.07"]
[EventType "swiss (blitz)"]
[EventRounds "9"]
[EventCountry "GER"]
[SourceTitle "CBM 195 Extra"]
[Source "ChessBase"]
[SourceDate "2020.05.31"]
[SourceVersion "1"]
[SourceVersionDate "2020.05.31"]
[SourceQuality "1"]

1. f4 e5 2. fxe5 Nc6 3. Nf3 d6 4. e3 dxe5 5. e4 Bd6 6. Bb5 Bd7 7. 0-0 a6 8. Ba4 Nf6 9. Nc3 0-0 10. d3 b5 11. Bb3 Bg4 12. Qe1 Na5 13. Qg3 Nxb3 14. axb3 Re8 15. Bg5 Bxf3 16. Rxf3 Be7 17. Raf1 Nh5 18. Qg4 Bxg5 19. Qxh5 Bf6 20. Nd5 g6 21. Nxf6+ Qxf6 22. Rxf6 gxh5 23. Rxf7 Rac8 24. R7f5 a5 25. Rxh5 a4 26. bxa4 bxa4 27. c3 Rb8 28. Rf2 Rf8 29. Rxf8+ Kxf8 30. Rxe5 Rxb2 31. Ra5 Rb3 32. Rxa4 Rxc3 33. Rd4 Rc2 34. e5 Ke7 35. h3 Rd2 36. Kh2 Rc2 37. Kg3 Rd2 38. Kf3 Ke6 39. Ke3 Rxg2 40. Rh4 Rg3+ 41. Kf4 Rxd3 42. Rxh7 c5 43. Rh6+ Kd5 44. e6 Rd1 45. h4 c4 46. h5 c3 47. e7 Re1 48. Rh7 c2 49. Rh8 c1Q+ 50. Kf5 Qc2+ 51. Kg5 Rg1+ 52. Kf6 Qf2# 0-1

[Event "GER-ch Net blitz qual1"]
[Site "Playchess.com INT"]
[Date "2020.03.07"]
[Round "4"]
[White "Wichmann, Cliff"]
[Black "Fiedler, Joerg"]
[Result "1-0"]
[WhiteElo "2299"]
[BlackElo "2072"]
[PlyCount "47"]
[EventDate "2020.03.07"]
[EventType "swiss (blitz)"]
[EventRounds "9"]
[EventCountry "GER"]
[SourceTitle "CBM 195 Extra"]
[Source "ChessBase"]
[SourceDate "2020.05.31"]
[SourceVersion "1"]
[SourceVersionDate "2020.05.31"]
[SourceQuality "1"]

1. d4 Nf6 2. c4 c5 3. d5 b5 4. Nf3 bxc4 5. Nc3 d6 6. e4 g6 7. e5 dxe5 8. Nxe5 Nbd7 9. Nc6 Qb6 10. Bxc4 Bb7 11. 0-0 Bxc6 12. dxc6 Qxc6 13. Bb5 Qc7 14. Bg5 Bg7 15. Bxf6 Bxf6 16. Nd5 Qb7 17. Nxf6+ exf6 18. Re1+ Kd8 19. Qa4 Ne5 20. Rad1+ Kc8 21. Rxe5 fxe5 22. Bc6 Qb8 23. Qa6+ Kc7 24. Rd7# 1-0

[Event "Verbandsliga Suedbaden 1516"]
[Site "Baden"]
[Date "2015.09.27"]
[Round "1.6"]
[White "Fiedler, Joerg"]
[Black "Kopp, Berthold"]
[Result "1/2-1/2"]
[WhiteElo "2058"]
[BlackElo "2199"]
[PlyCount "174"]
[EventDate "2015.09.27"]
[EventType "team-tourn"]
[EventRounds "9"]
[EventCountry "GER"]
[SourceTitle "EXT 2022"]
[Source "ChessBase"]
[SourceDate "2021.10.06"]
[SourceVersion "1"]
[SourceVersionDate "2021.10.06"]
[SourceQuality "1"]
[WhiteTeam "Dreilaendereck"]
[BlackTeam "Lahr"]
[WhiteTeamCountry "GER"]
[BlackTeamCountry "GER"]

1. e4 c6 2. b3 d5 3. Bb2 e6 4. e5 c5 5. f4 g6 6. Nf3 Nc6 7. g3 Bg7 8. Nc3 Nge7 9. Bg2 Bd7 10. 0-0 0-0 11. Re1 Nf5 12. Ne2 Rc8 13. g4 Nfe7 14. d4 b6 15. Ba3 Nb4 16. c3 Na6 17. Qd3 c4 18. bxc4 dxc4 19. Qd2 Bc6 20. Ng3 Re8 21. Ng5 Qd7 22. N5e4 Red8 23. Nd6 Rc7 24. Nge4 Bxe4 25. Bxe4 f5 26. Bf3 Nb8 27. Rab1 fxg4 28. Bxg4 Nf5 29. Be2 Bf8 30. Nxc4 Rdc8 31. Bxf8 Kxf8 32. Rb4 Na6 33. Nxb6 axb6 34. Bxa6 Ra8 35. Rxb6 Qa4 36. Bb7 Qxa2 37. Qxa2 Rxa2 38. Rb3 Rc2 39. Be4 R2xc3 40. Rxc3 Rxc3 41. d5 exd5 42. Bxd5 Nd4 43. Kg2 Rc2+ 44. Kh3 Rc3+ 45. Kg4 Nf5 46. Be4 Ne3+ 47. Kg5 Kg7 48. Rb1 Rc7 49. Rb7 Rxb7 50. Bxb7 h6+ 51. Kh4 Nc4 52. Ba6 Nb6 53. Kg4 Nd5 54. Kf3 Ne7 55. Ke4 Kf7 56. Bc4+ Kf8 57. Be6 Nc6 58. Kd5 Nb4+ 59. Kc4 Nc2 60. Bd5 Ne3+ 61. Kd4 Nf5+ 62. Ke4 Ke7 63. Bb7 Ng7 64. Bc8 Ne8 65. Kd5 Ng7 66. Bg4 Ne8 67. h4 h5 68. Bh3 Nc7+ 69. Ke4 Na6 70. Kd4 Nb4 71. Bg2 Na6 72. Be4 Kf7 73. Kd5 Nc7+ 74. Kd6 Ne8+ 75. Kd7 Ng7 76. Bd5+ Kf8 77. e6 Nf5 78. Be4 Ne7 79. Bd3 Nd5 80. Bxg6 Kg7 81. f5 Kf6 82. Kc6 Ne7+ 83. Kd6 Nc8+ 84. Kc7 Ne7 85. Kd7 Nd5 86. Kd6 Ne7 87. Kc5 Nxg6 1/2-1/2

[Event "Verbandsliga Suedbaden 1415"]
[Site "Baden"]
[Date "2015.01.25"]
[Round "5.4"]
[White "Fiedler, Joerg"]
[Black "Terraz, Christian"]
[Result "1-0"]
[WhiteElo "2041"]
[BlackElo "2046"]
[PlyCount "32"]
[EventDate "2014.10.12"]
[EventType "team-tourn"]
[EventRounds "9"]
[EventCountry "GER"]
[SourceTitle "EXT 2022"]
[Source "ChessBase"]
[SourceDate "2021.10.06"]
[SourceVersion "1"]
[SourceVersionDate "2021.10.06"]
[SourceQuality "1"]
[WhiteTeam "Dreilaendereck"]
[BlackTeam "Horben"]
[WhiteTeamCountry "GER"]
[BlackTeamCountry "GER"]

1. e4 e5 2. d4 exd4 3. Qxd4 Nc6 4. Qe3 Nf6 5. Nc3 Bb4 6. Bd2 0-0 7. 0-0-0 Re8 8. Qg3 Rxe4 9. a3 Bd6 10. f4 Re8 11. Bd3 Bf8 12. Nf3 d5 13. Ng5 Ne7 14. h4 Nf5 15. Qf3 Nd4 16. Bxh7+ Nxh7 1-0

[Event "Verbandsliga Sued Baden 0910"]
[Site "Germany"]
[Date "2010.01.10"]
[Round "5.5"]
[White "Fiedler, Joerg"]
[Black "Kick, Joachim"]
[Result "1/2-1/2"]
[WhiteElo "2116"]
[BlackElo "2166"]
[PlyCount "36"]
[EventDate "2009.10.11"]
[EventType "team-tourn"]
[EventRounds "9"]
[EventCountry "GER"]
[SourceTitle "EXT 2011"]
[Source "ChessBase"]
[SourceDate "2010.11.26"]
[SourceVersion "1"]
[SourceVersionDate "2010.11.26"]
[SourceQuality "1"]
[WhiteTeam "Dreilaendereck"]
[BlackTeam "Kuppenheim"]
[WhiteTeamCountry "GER"]
[BlackTeamCountry "GER"]

1. f4 d5 2. Nf3 g6 3. e3 Bg7 4. Be2 Nf6 5. 0-0 0-0 6. d3 c5 7. Qe1 Nc6 8. Qh4 b6 9. Nbd2 Ba6 10. c4 e6 11. g4 b5 12. cxd5 Nxd5 13. Ne4 Qxh4 14. Nxh4 c4 15. d4 f5 16. Ng5 Rfe8 17. h3 Rad8 18. Ng2 Bb7 1/2-1/2

[Event "Verbandsliga Sued Baden 0910"]
[Site "Germany"]
[Date "2009.12.13"]
[Round "4.3"]
[White "Eiler, Joerg"]
[Black "Fiedler, Joerg"]
[Result "1/2-1/2"]
[WhiteElo "2141"]
[BlackElo "2116"]
[PlyCount "43"]
[EventDate "2009.10.11"]
[EventType "team-tourn"]
[EventRounds "9"]
[EventCountry "GER"]
[SourceTitle "EXT 2011"]
[Source "ChessBase"]
[SourceDate "2010.11.26"]
[SourceVersion "1"]
[SourceVersionDate "2010.11.26"]
[SourceQuality "1"]
[WhiteTeam "Iffezheim"]
[BlackTeam "Dreilaendereck"]
[WhiteTeamCountry "GER"]
[BlackTeamCountry "GER"]

1. d4 Nf6 2. Bg5 d5 3. e3 Nbd7 4. Nd2 e6 5. Bd3 Be7 6. f4 0-0 7. Ngf3 h6 8. Bh4 Ne4 9. Bxe7 Qxe7 10. Nxe4 dxe4 11. Bxe4 Nf6 12. Nd2 Nxe4 13. Nxe4 Qb4+ 14. Qd2 Qxb2 15. 0-0 Qa3 16. Rfb1 b6 17. c4 Qe7 18. a4 Rd8 19. Qc2 Bb7 20. a5 f5 21. Nf2 g5 22. d5 1/2-1/2

[Event "Verbandsliga Sued Baden 0809"]
[Site "Germany"]
[Date "2008.11.30"]
[Round "4.5"]
[White "Krueger, Michael"]
[Black "Fiedler, Joerg"]
[Result "0-1"]
[WhiteElo "2120"]
[BlackElo "2121"]
[PlyCount "72"]
[EventDate "2008.09.28"]
[EventType "team-tourn"]
[EventRounds "9"]
[EventCountry "GER"]
[SourceTitle "EXT 2010"]
[Source "ChessBase"]
[SourceDate "2010.11.25"]
[SourceVersion "1"]
[SourceVersionDate "2010.11.25"]
[SourceQuality "1"]
[WhiteTeam "Engen"]
[BlackTeam "Dreilaendereck"]
[WhiteTeamCountry "GER"]
[BlackTeamCountry "GER"]

1. e4 c5 2. c3 Qa5 3. Nf3 Nc6 4. Be2 Nf6 5. d3 d5 6. e5 Nd7 7. Bf4 e6 8. 0-0 Be7 9. d4 Qb6 10. b3 0-0 11. Qd3 f6 12. exf6 Nxf6 13. Nbd2 cxd4 14. Nxd4 Nxd4 15. cxd4 Ne4 16. Be3 Nxd2 17. Qxd2 Bd7 18. Bg4 Rac8 19. Rac1 Ba3 20. Rxc8 Rxc8 21. Rd1 Qc7 22. Be2 Qc2 23. Bd3 Qxd2 24. Bxd2 Bb2 25. Be3 Rc3 26. h3 a5 27. Bb1 a4 28. Rd3 Rc8 29. Bd2 Bb5 30. Re3 Rc6 31. bxa4 Bxa4 32. Rd3 Bc1 33. Ba5 Rc4 34. Rc3 Bb2 35. Rxc4 dxc4 36. Bb6 c3 0-1

[Event "Verbandsliga Sued Baden 0809"]
[Site "Germany"]
[Date "2008.09.28"]
[Round "1.6"]
[White "Kick, Joachim"]
[Black "Fiedler, Joerg"]
[Result "1/2-1/2"]
[WhiteElo "2190"]
[BlackElo "2121"]
[PlyCount "54"]
[EventDate "2008.09.28"]
[EventType "team-tourn"]
[EventRounds "9"]
[EventCountry "GER"]
[SourceTitle "EXT 2010"]
[Source "ChessBase"]
[SourceDate "2010.11.25"]
[SourceVersion "1"]
[SourceVersionDate "2010.11.25"]
[SourceQuality "1"]
[WhiteTeam "Kuppenheim"]
[BlackTeam "Dreilaendereck"]
[WhiteTeamCountry "GER"]
[BlackTeamCountry "GER"]

1. Nf3 Nf6 2. c4 g6 3. g3 Bg7 4. Bg2 0-0 5. 0-0 c5 6. Nc3 Nc6 7. d4 cxd4 8. Nxd4 Qb6 9. Nb3 d6 10. Be3 Qa6 11. Rc1 Be6 12. Nd5 Qxa2 13. Ra1 Qxb2 14. Nxe7+ Nxe7 15. Bd4 Qxa1 16. Qxa1 Nh5 17. Bxg7 Nxg7 18. Na5 Rab8 19. Nxb7 Ngf5 20. Rc1 Rfc8 21. e4 Nxg3 22. hxg3 Rxb7 23. e5 Rd7 24. exd6 Rxd6 25. Qxa7 Nf5 26. c5 Rd7 27. Qa1 Nd4 1/2-1/2

[Event "Basel Hilton op 08th"]
[Site "Basel"]
[Date "2006.01.07"]
[Round "7"]
[White "Fiedler, Joerg"]
[Black "Xheladini, Mahmut"]
[Result "1-0"]
[WhiteElo "2094"]
[BlackElo "2247"]
[PlyCount "79"]
[EventDate "2006.01.01"]
[EventType "swiss"]
[EventRounds "7"]
[EventCountry "SUI"]
[SourceTitle "CBM 110 Extra"]
[Source "ChessBase"]
[SourceDate "2006.03.10"]
[SourceVersion "2"]
[SourceVersionDate "2006.03.10"]
[SourceQuality "1"]

1. f4 b5 2. e3 Bb7 3. Nf3 a6 4. b3 e6 5. Bb2 Nf6 6. Be2 Bc5 7. 0-0 d6 8. c4 bxc4 9. bxc4 Nbd7 10. Nc3 0-0 11. Qc2 Ba7 12. Kh1 Rb8 13. Rae1 c5 14. Bd3 d5 15. e4 d4 16. Ne2 g6 17. Bc1 Qa5 18. e5 Nh5 19. g4 Ng7 20. Ng3 Rfc8 21. Ne4 Bc6 22. Qd1 Qxa2 23. Nd6 Rf8 24. Qe2 Rb3 25. Be4 Qa4 26. d3 Bb8 27. Bxc6 Qxc6 28. Ne4 f5 29. gxf5 Rxf5 30. Rg1 Bc7 31. Rg4 a5 32. Reg1 a4 33. Nfg5 Nf8 34. Qg2 Qe8 35. Nf6+ Rxf6 36. exf6 Qd7 37. fxg7 Qxg7 38. Qa8 Qd7 39. Ne4 Qe7 40. Qxa4 1-0

[Event "Basel Hilton op 08th"]
[Site "Basel"]
[Date "2006.01.06"]
[Round "6"]
[White "Bjarnason, Oskar"]
[Black "Fiedler, Joerg"]
[Result "1/2-1/2"]
[WhiteElo "2255"]
[BlackElo "2094"]
[PlyCount "64"]
[EventDate "2006.01.01"]
[EventType "swiss"]
[EventRounds "7"]
[EventCountry "SUI"]
[SourceTitle "CBM 110 Extra"]
[Source "ChessBase"]
[SourceDate "2006.03.10"]
[SourceVersion "2"]
[SourceVersionDate "2006.03.10"]
[SourceQuality "1"]

1. e4 c5 2. c3 Qa5 3. g3 Nc6 4. Bg2 g6 5. Ne2 Bg7 6. 0-0 e6 7. Na3 Nge7 8. d4 cxd4 9. cxd4 d5 10. e5 0-0 11. Nc2 Bd7 12. Kh1 Rfc8 13. b4 Qc7 14. Bg5 Bf8 15. Rc1 Qb6 16. Rb1 Rc7 17. a4 Nd8 18. Na3 Rac8 19. Bd2 a6 20. b5 axb5 21. Bb4 Nf5 22. Bxf8 Kxf8 23. axb5 Ra8 24. Rb3 Ra4 25. Qd2 Qa5 26. Qg5 Ne7 27. Qh6+ Kg8 28. Qg5 Rxa3 29. Qxe7 Rxb3 30. Qxd8+ Kg7 31. Qf6+ Kg8 32. Qd8+ Kg7 1/2-1/2

[Event "Basel Hilton op 08th"]
[Site "Basel"]
[Date "2006.01.01"]
[Round "1"]
[White "Fiedler, Joerg"]
[Black "Hoffmann, Michael"]
[Result "0-1"]
[WhiteElo "2094"]
[BlackElo "2462"]
[PlyCount "50"]
[EventDate "2006.01.01"]
[EventType "swiss"]
[EventRounds "7"]
[EventCountry "SUI"]
[SourceTitle "CBM 110 Extra"]
[Source "ChessBase"]
[SourceDate "2006.03.10"]
[SourceVersion "2"]
[SourceVersionDate "2006.03.10"]
[SourceQuality "1"]

1. f4 d5 2. Nf3 Bg4 3. e3 e6 4. Be2 Nd7 5. b3 Be7 6. Bb2 Bf6 7. Ne5 Bxe5 8. fxe5 Qh4+ 9. g3 Bxe2 10. Qxe2 Qe4 11. 0-0 Qxc2 12. Ba3 Nxe5 13. Qh5 Ng6 14. Rc1 Qd3 15. Rxc7 Nf6 16. Qd1 d4 17. Qc1 Nd5 18. Rxb7 Qa6 19. e4 Qxb7 20. exd5 Rc8 21. Qf1 Qxd5 22. Qa6 Rc7 23. d3 f6 24. Nd2 Kf7 25. Nc4 Rd8 0-1

[Event "Oberliga Baden 0405"]
[Site "Germany"]
[Date "2004.12.12"]
[Round "4.7"]
[White "Weiler, Wolfgang"]
[Black "Fiedler, Joerg"]
[Result "1-0"]
[WhiteElo "2123"]
[BlackElo "2073"]
[PlyCount "175"]
[EventDate "2004.10.24"]
[EventType "team-tourn"]
[EventRounds "9"]
[EventCountry "GER"]
[SourceTitle "EXT 2007"]
[Source "ChessBase"]
[SourceDate "2006.11.23"]
[SourceVersion "1"]
[SourceVersionDate "2006.11.23"]
[SourceQuality "1"]
[WhiteTeam "Slavija KA"]
[BlackTeam "Konstanz"]
[WhiteTeamCountry "GER"]
[BlackTeamCountry "GER"]

1. e4 c5 2. Nf3 Nc6 3. d4 cxd4 4. Nxd4 e5 5. Nb5 a6 6. Nd6+ Bxd6 7. Qxd6 Qf6 8. Qd1 Qg6 9. Nc3 d5 10. Nxd5 Qxe4+ 11. Be3 Nd4 12. Nc7+ Ke7 13. Rc1 Bg4 14. Qd3 Qxd3 15. Bxd3 Rd8 16. h3 Bc8 17. f4 exf4 18. Bxf4 Ne6 19. Nxe6 Bxe6 20. a3 Nf6 21. 0-0 Nd5 22. Bd2 Rd7 23. Rce1 Kd8 24. Be4 h6 25. Rf3 Kc8 26. Rd3 Nf6 27. Rxd7 Bxd7 28. Bf3 Be6 29. Ba5 Re8 30. Re3 Re7 31. c4 Rd7 32. b3 Kb8 33. Kf2 Ka7 34. g4 Rd4 35. Bc3 Rd8 36. Bb4 Nd7 37. Rd3 Re8 38. Rd6 Ne5 39. Be4 g6 40. Bc5+ Kb8 41. Rb6 Bc8 42. Bc2 Kc7 43. b4 Nxc4 44. Rf6 Be6 45. Kg3 Nxa3 46. Be4 Nc4 47. Bf2 Ne5 48. Be3 Nd7 49. Rf2 g5 50. Rc2+ Kb8 51. Bd4 Bb3 52. Re2 f6 53. Re3 Bc4 54. Kf2 Bb5 55. Bf5 Ne5 56. Rc3 Bc6 57. Re3 Kc7 58. Kg3 Kd6 59. Bc5+ Kd5 60. Re1 Bb5 61. Rd1+ Kc6 62. Rd6+ Kc7 63. Rxf6 Bc6 64. Rxh6 Nf3 65. Rh7+ Kb8 66. Rg7 Bd5 67. Bb6 Rf8 68. Rd7 Bc6 69. Rg7 Bd5 70. Re7 Bc6 71. Be3 Nh4 72. Re5 Nxf5+ 73. Rxf5 Rxf5 74. gxf5 Kc7 75. Bxg5 Kd7 76. Kf4 Ke8 77. h4 Kf7 78. h5 Be8 79. h6 Kg8 80. Ke5 b6 81. Kf6 a5 82. Ke7 Bh5 83. b5 a4 84. Bc1 Be2 85. f6 Bc4 86. Bb2 Bb3 87. Bd4 a3 88. Bxb6 1-0

[Event "Oberliga Baden 0405"]
[Site "Germany"]
[Date "2004.10.24"]
[Round "1.7"]
[White "Zimmermann, Peter"]
[Black "Fiedler, Joerg"]
[Result "0-1"]
[WhiteElo "2262"]
[BlackElo "2073"]
[PlyCount "104"]
[EventDate "2004.10.24"]
[EventType "team-tourn"]
[EventRounds "9"]
[EventCountry "GER"]
[SourceTitle "EXT 2007"]
[Source "ChessBase"]
[SourceDate "2006.11.23"]
[SourceVersion "1"]
[SourceVersionDate "2006.11.23"]
[SourceQuality "1"]
[WhiteTeam "Waldshut"]
[BlackTeam "Konstanz"]
[WhiteTeamCountry "GER"]
[BlackTeamCountry "GER"]

1. e4 c5 2. Nf3 Nc6 3. d4 cxd4 4. Nxd4 e5 5. Nb5 a6 6. Nd6+ Bxd6 7. Qxd6 Qf6 8. Qxf6 Nxf6 9. Nc3 Nb4 10. Bd3 Nxd3+ 11. cxd3 h6 12. f4 d6 13. h3 Bd7 14. Be3 Bc6 15. 0-0 Ke7 16. d4 Nxe4 17. fxe5 Nxc3 18. exd6+ Kxd6 19. bxc3 Bd5 20. Bf4+ Kd7 21. Rfb1 b5 22. a4 Kc6 23. Re1 Rhe8 24. Rxe8 Rxe8 25. axb5+ Kxb5 26. Bc7 Kc4 27. Ra5 Rc8 28. Rc5+ Kd3 29. c4 Bxc4 30. d5 Rxc7 31. Rxc7 Bxd5 32. Kf2 Bc4 33. g3 Kc3 34. Ke3 h5 35. h4 g6 36. Ra7 Kb4 37. Kd4 Bb5 38. Rxf7 a5 39. Rb7 a4 40. Ra7 a3 41. Ra8 Kb3 42. Kc5 Bd3 43. Kd4 Bb5 44. Kc5 Be2 45. Kd4 Bd1 46. Rb8+ Kc2 47. Kc4 a2 48. Ra8 Kb2 49. Rb8+ Ka3 50. Ra8+ Ba4 51. Rf8 a1Q 52. Rf3+ Kb2 0-1

[Event "Oberliga Baden 0304 "]
[Site "Germany"]
[Date "2004.03.21"]
[Round "8.8"]
[White "Fiedler, Joerg"]
[Black "Kick, Joachim"]
[Result "0-1"]
[WhiteElo "2071"]
[BlackElo "2170"]
[PlyCount "48"]
[EventDate "2003.10.12"]
[EventType "team-tourn"]
[EventRounds "9"]
[EventCountry "GER"]
[SourceTitle "EXT 2006"]
[Source "ChessBase"]
[SourceDate "2005.11.24"]
[SourceVersion "1"]
[SourceVersionDate "2005.11.24"]
[SourceQuality "1"]
[WhiteTeam "Konstanz"]
[BlackTeam "Kuppenheim"]
[WhiteTeamCountry "GER"]
[BlackTeamCountry "GER"]

1. e4 c5 2. Nc3 Nc6 3. g3 g6 4. Bg2 Bg7 5. d3 d6 6. Be3 e5 7. Qd2 Nge7 8. Bh6 0-0 9. h4 Bxh6 10. Qxh6 f6 11. Qd2 Nd4 12. Nd1 Be6 13. h5 g5 14. c3 Ndc6 15. h6 d5 16. f4 dxe4 17. Bxe4 exf4 18. gxf4 f5 19. Bxc6 Nxc6 20. fxg5 Bd5 21. Rh2 Qd6 22. Rf2 Qg3 23. Ne2 Rae8 24. c4 Nd4 0-1